000 00204 a2200097 4500
001 1474
100 _aMorrow, L.C
245 _aMainenince engg hand bool
260 _a
_bMcgrawhill
_c
090 _c1017
_d1017
942 _aNUST-CAE
_cM
_c192
999 _c236547
_d236547